1166 1600 1628 1278 1202 1713 1238 1321 1030 1568 1925 1376 1678 1287 1634 1984 1398 1845 1478 1183 1654 1128 1559 1054 1867 1170 1676 1609 1264 1703 1010 1698 1270 1434 1666 1428 1514 1213 1004 1663 1891 1663 1380 1921 1167 1541 1309 1587 1782 1328 1638 1768 1312 1224 1249 1188 1720 1706 1122 1743 1250 1469 1524 1139 1076 1753 1223 1867 1503 1852 1978 1892 1891 1797 1224 1304 1825 1034 1829 1654 1641 1620 1929 1399 1577 1183 1290 1251 1674 1195 1588 1372 1272 1761 1581 1006 1822 1086 1113 BCNSPRNW ULIB Ver.6.0+V

เปลี่ยนเป็นภาษาไทย

Change to English
 แสดงรายละเอียดบรรณานุกรม
  กลับหน้าหลัก

Brief Record : Get Marc (ISO 2709) : E-mail record : QR code < ปิดหน้าต่าง
LEADER : 00000nam 2200000uu 4500
001    13399112351
003     ULIB
008    110805s2551||||th 000 0 tha d
020    9789743168253
050  4 HF5549^bย126ก 2551
100 0  ยงยุทธ เกษสาคร
245 10 การพัฒนาบุคคลและการฝึกอบรม /^cยงยุทธ เกษสาคร
246 31 Personnel Development and Training
260    กรุงเทพฯ :^bห้างหุ้นส่วน วี. เจ พริ้นติ้ง,^c2551
300    276 หน้า
650  4 การพัฒนากำลังคน
650  4 การฝึกอบรม
945    ^p165^l0^i024264
945    ^p165^l0^i024265
995    ทศพร
999 ^a ทศพร
รายการนี้ยังไม่มีแท็ก
คุณยังไม่ได้ล็อกอิน คุณสามารถมีกิจกรรมร่วมกับเว็บไซต์ได้ แต่ต้องล็อกอินก่อน ::
  ล็อกอิน

รายการสื่อสารสนเทศ

ลำดับที่ ประเภท เลขเรียก/บาร์โค้ด สถานที่ สถานะ
- ไม่พบข้อมูล -

รายการใกล้เคียง
    ผู้แต่ง [ยงยุทธ เกษสาคร]

    หัวเรื่อง [การพัฒนากำลังคน]
    หัวเรื่อง [การฝึกอบรม]

BibComment


ยังไม่เคยถูกคอมเมนท์

คอมเมนท์ทรัพยากรรายการนี้
  คอมเมนท์: การพัฒนาบุคคลและก..


 Copyright 2026. Bcnsprnw @Library